| 000 | 00458nam a2200181Ia 4500 | ||
|---|---|---|---|
| 003 | OSt | ||
| 005 | 20250807112936.0 | ||
| 008 | 210210b1947 xxu||||| |||| 00| 0 eng d | ||
| 040 | _cAL | ||
| 041 | _akan | ||
| 082 | _a853/526 | ||
| 100 |
_aSAMSA _9162081 _dಸಂಸ |
||
| 245 |
_aVigada vikramaraya: _bವಿಗಡ ವಿಕ್ರಮರಾಯ |
||
| 260 |
_aBengaluru _b- _c1947 |
||
| 690 |
_aKannada Drama _9162082 |
||
| 906 | _a019796 | ||
| 942 |
_2ddc _cBK |
||
| 999 |
_c143942 _d143942 |
||